|
|
|
|
| LEADER |
00000nam0a2200000 4500 |
| 001 |
226631 |
| 005 |
20231101230738.0 |
| 035 |
|
|
|a (RuTPU)RU\TPU\book\247018
|
| 090 |
|
|
|a 226631
|
| 100 |
|
|
|a 20121126d1915 m y0rusy50 ca
|
| 101 |
1 |
|
|a rus
|
| 102 |
|
|
|a LV
|
| 105 |
|
|
|a a z 001zy
|
| 200 |
1 |
|
|a Электрические аккумуляторы
|e авторизованный пер. с последнего изд. Б. Кацнельсона
|f Р. Альбрехт
|g под ред. В. А. Зеленкова ; пер. Б. Каценельсона
|
| 210 |
|
|
|a Рига
|c Наука и жизнь
|c Книгоиздательство К. Г. Зихмана
|c Типография И. А. Фрей и Ко
|d 1915
|
| 215 |
|
|
|a 144 с.
|c с 52 рисунками
|
| 225 |
1 |
|
|a Библиотека Гешен
|
| 300 |
|
|
|a Принесено в дар студентами разных стран студентам России через посредство европейской студенческой помощи
|
| 320 |
|
|
|a Библиогр.: с. 5-6
|
| 606 |
1 |
|
|a Аккумуляторы
|x Эксплуатация
|2 stltpush
|3 (RuTPU)RU\TPU\subj\1626
|9 30364
|
| 610 |
1 |
|
|a гальванические элементы
|
| 610 |
1 |
|
|a свинцовые аккумуляторы
|
| 610 |
1 |
|
|a производительность
|
| 610 |
1 |
|
|a конструкции
|
| 610 |
1 |
|
|a аккумуляторные батареи
|
| 610 |
1 |
|
|a щелочные аккумуляторы
|
| 675 |
|
|
|a 621.355
|v 3
|
| 700 |
|
1 |
|a Альбрехт
|b Р.
|
| 702 |
|
1 |
|a Зеленков
|b В. А.
|4 340
|
| 702 |
|
1 |
|a Каценельсон
|b Б.
|4 730
|
| 801 |
|
1 |
|a RU
|b 63413507
|c 20121126
|
| 801 |
|
2 |
|a RU
|b 63413507
|c 20161207
|g RCR
|
| 942 |
|
|
|c BK
|